Química general

Gardado en:
Detalles Bibliográficos
Autor Principal: Silberberg, Martin S (Author)
Formato: Libro
Idioma:Lingua castelá
Publicado: Ciudad de México McGraw-Hill Interamericana 2002
Subjects:
Tags: Engadir etiqueta
Sen Etiquetas, Sexa o primeiro en etiquetar este rexistro!

MARC

LEADER 00000nam a2200000 a 4500
001 UCL1662
003 CL-VaPUC
008 030911e20020000MX |||||||||||||||||spa|d
020 |a 9701035283 
082 0 4 |a 540  |b SIL  |2 21 
100 0 |a Silberberg, Martin S  |e author  |9 478509 
245 1 0 |a Química general 
300 |a 1105 p 
942 |c BK 
945 |d 20030911 00:00:00  |a cmena 
260 |a Ciudad de México  |b McGraw-Hill Interamericana  |c 2002 
500 |a Incluye Cd-Rom 
650 0 |a Química  |9 259896 
650 0 |a Reacciones químicas  |9 259438 
650 0 |a Termoquímica  |9 337401 
650 0 |a Moléculas   |9 259584 
650 0 |a Cinética  |9 260943 
583 |a last modification  |c 20030911 00:00:00  |k Rodrigo Vera 
999 |c 305127  |d 305125